Vista normal Vista MARC

Entrada Corporate Name

Número de registros utilizados en: 1

001 - CONTROL NUMBER

  • control field: 9456

003 - CONTROL NUMBER IDENTIFIER

  • control field: OSt

005 - DATE AND TIME OF LATEST TRANSACTION

  • control field: 20200828124454.0

008 - FIXED-LENGTH DATA ELEMENTS

  • fixed length control field: 200828|| aca||aabn | a|a d

040 ## - CATALOGING SOURCE

  • Original cataloging agency: OSt
  • Transcribing agency: OSt

110 ## - HEADING--CORPORATE NAME

  • Corporate name or jurisdiction name as entry element: Consejo Colombiano de Relaciones Internacionales, (CORI)

670 ## - SOURCE DATA FOUND

  • Source citation: Work cat.: (OSt)0: Fernandez de Soto, Guillermo, Coordinador 9449, El Pacífico : , [2012].